LEADER 00847oam 2200277z- 450 001 9910131703603321 005 20200416124722.0 035 $a(CKB)3460000000086826 035 $a(EXLCZ)993460000000086826 100 $a20180916h2010uuuu -u- - 101 0 $aita 200 00$aPluridisabilitą tra famiglia e servizi $el'aver cura nel vissuto dei genitori /$fSimone Visentin 210 $aNapoli $cLiguori$d2009 215 $aXI, 309 p 225 0 $aProfili. Biotopi ;$v2 311 $a88-207-5047-3 311 $a88-207-5139-9 517 1 $aPluridisabilitą tra famiglia e servizi 606 $aAssistenza sociale 615 4$aAssistenza sociale 676 $a362.9 700 $aVisentin$b Simone$01025475 906 $aBOOK 912 $a9910131703603321 996 $aPluridisabilitą tra famiglia e servizi$92438419 997 $aUNINA LEADER 02255nam 2200589 450 001 9910784907503321 005 20230422052116.0 010 $a1-282-71055-9 010 $a9786612710551 010 $a1-4411-8804-5 035 $a(CKB)2670000000035930 035 $a(EBL)564227 035 $a(OCoLC)654417347 035 $a(SSID)ssj0000430113 035 $a(PQKBManifestationID)12140431 035 $a(PQKBTitleCode)TC0000430113 035 $a(PQKBWorkID)10453600 035 $a(PQKB)11270206 035 $a(MiAaPQ)EBC5309748 035 $a(Au-PeEL)EBL5309748 035 $a(CaPaEBR)ebr11518714 035 $a(OCoLC)1027153391 035 $a(MiAaPQ)EBC564227 035 $a(Au-PeEL)EBL564227 035 $a(CaONFJC)MIL271055 035 $a(EXLCZ)992670000000035930 100 $a20180316h20001984 uy 0 101 0 $aeng 135 $aur|n|---||||| 181 $ctxt 182 $cc 183 $acr 200 10$aTrue to experience /$fH. A. Williams, edited by Eileen Mable 210 1$aLondon, England ;$aNew York, New York :$cContinuum,$d2000. 210 4$d©1984 215 $a1 online resource (287 p.) 225 1 $aContemporary Christian Insights 300 $aDescription based upon print version of record. 311 $a0-8264-4942-5 327 $aContents; Acknowledgements; Editor's Preface; Introduction; Foreword; 1: Beginnings; 2: Experience Transformed; 3: Affirmations; 4: A New Creation; Sources of selected passages 330 $aTrue to Experience is a new anthology drawn from Williams' many profound and thought-provoking writings including much previously unavailable material. True to Experience, like Williams himself, is unorthodox by the tenets of contemporary Christianity, but encompasses the uncertainties and fears, the joys and sorrows common to us all. It expounds a God-given universal humanity to which both Christians and non-Christians can respond. 410 0$aContemporary Christian insights. 676 $a252.03 700 $aWilliams$b H. A.$01516494 702 $aMable$b Eileen 801 0$bMiAaPQ 801 1$bMiAaPQ 801 2$bMiAaPQ 906 $aBOOK 912 $a9910784907503321 996 $aTrue to experience$93752990 997 $aUNINA LEADER 02278nas 2200613- 450 001 9910212459703321 005 20220307213022.0 011 $a2769-822X 035 $a(OCoLC)639979693 035 $a(CKB)991042752752784 035 $a(CONSER)--2021202403 035 $a(EXLCZ)99991042752752784 100 $a20100610a19979999 --- a 101 0 $aeng 135 $aurcnu|||||||| 181 $ctxt$2rdacontent 182 $cc$2rdamedia 183 $acr$2rdacarrier 200 00$aDental anthropology $ea publication of the Dental Anthropology Association 210 1$aTempe, AZ :$cLaboratory of Dental Anthropology, Dept. of Anthropology, Arizona State University,$d1997- 210 21$aMemphis, TN :$cCraniofacial Biology Laboratory, Dept. of Orthodontics, College of Dentistry, Health Science Center, University of Tennessee 210 31$aReno, Nevada :$cUniversity of Reno, Nevada 300 $aRefereed/Peer-reviewed 311 08$aPrint version: Dental anthropology : (DLC)sn 97004886 (OCoLC)37973149 1096-9411 517 1 $aDA 531 0 $aDent. anthr. 606 $aDental anthropology$vPeriodicals 606 $aTeeth, Fossil$vPeriodicals 606 $aHuman remains (Archaeology)$vPeriodicals 606 $aTooth$xanatomy & histology 606 $aAnthropology, Physical 606 $aOdontometry 606 $aDental anthropology$2fast$3(OCoLC)fst00890378 606 $aHuman remains (Archaeology)$2fast$3(OCoLC)fst00963213 606 $aTeeth, Fossil$2fast$3(OCoLC)fst01145777 608 $aPeriodicals.$2fast 615 0$aDental anthropology 615 0$aTeeth, Fossil 615 0$aHuman remains (Archaeology) 615 12$aTooth$xanatomy & histology. 615 22$aAnthropology, Physical. 615 22$aOdontometry. 615 7$aDental anthropology. 615 7$aHuman remains (Archaeology) 615 7$aTeeth, Fossil. 676 $a599.943 712 02$aDental Anthropology Association, 712 02$aArizona State University.$bLaboratory of Dental Anthropology, 712 02$aUniversity of Tennessee, Memphis.$bCraniofacial Biology Laboratory, 712 02$aUniversity of Nevada, Reno, 906 $aJOURNAL 912 $a9910212459703321 996 $aDental anthropology$92576859 997 $aUNINA